| 000 | 01029nam a2200241Ia 4500 | ||
|---|---|---|---|
| 003 | Ost | ||
| 005 | 20260507075645.0 | ||
| 008 | 260507s9999||||xx |||||||||||||| ||und|| | ||
| 020 | _a5394904977 | ||
| 040 | _cfsecg | ||
| 041 | _aara | ||
| 082 | _a346.0482 | ||
| 100 |
_aبدر، أسامة أحمد _eمؤلف |
||
| 245 | 0 |
_aالوسائط المتعددة بين الواقع والقانون / _c أسامة أحمد بدر |
|
| 260 |
_aالقاهرة: _bدار النهضة العربية, _c2002 |
||
| 300 |
_a409 صفحة؛ _bإيضاحات ؛ _c24 سم |
||
| 504 | _aالمراجع ص.361 كشاف مصطلحات ص. 399 | ||
| 520 | _aالوسائط المتعددة كمصنف يحميه القانون، الوصف القانوني لمصنف الوسائط المتعددة، أساليب مصنف الوسائط المتعددة تطبيقا لعقود الإستغلال | ||
| 653 | _aالقانون | ||
| 653 | _aالوسائط المتعددة | ||
| 653 | _aحقوق الملكية | ||
| 942 | _cكتاب | ||
| 999 |
_c45463 _d45463 |
||